000 00887cam a2200265 4500
001 agr68000177
003 DLC
005 20260227111030.0
008 690918s1968 dcu s 000 0 eng c
010 _aagr68000177
040 _aU.S. Nat'l Agr. Libr.
_cDLC
_dDLC
050 0 0 _aS21
_b.Z2383 no. 197
070 0 _aA281.9 F76Fm no. 197
082 0 0 _a382/.4164
100 1 _aDirks, Harlan J.,
_d1925-
245 1 0 _aWorld pork trends
_c[by Harlan J. Dirks.
260 _aWashington]
_bForeign Agricultural Service, U.S. Dept. of Agriculture,
_c1968.
300 _a57 p.
_c26 cm.
490 1 _a[U.S. Foreign Agricultural Service] FAS-M-197
500 _aCover title.
650 0 _aPork industry and trade
_xStatistics.
650 3 _aPork industry and trade
_xStatistics.
650 3 _aPork
_xMarketing.
810 1 _aUnited States.
_bForeign Agricultural Service (1953- )
_tFAS-M-
_v197
999 _c12483
_d12483